| 000 | 00427nam a2200145Ia 4500 | ||
|---|---|---|---|
| 003 | GCL | ||
| 008 | 140319s9999 xx 000 0 eng d | ||
| 040 |
_aGCL / _cGCL |
||
| 082 | 0 | 4 |
_a780.:7 _bW T |
| 100 | 1 | _aWALKER, DARWIN E. | |
| 245 | 1 | 0 |
_aTeaching Music: Managing the Successful Music Pragram / _cWALKER, DARWIN E. |
| 260 |
_a[S.N] : _bSCHIRMER BOOKS ، _c1989 |
||
| 650 | 0 | 4 | _aMUSIC - INSTRUCTION AND STUDY |
| 942 |
_2ddc _cBK |
||
| 999 |
_c17236 _d17236 |
||